Great artists of the world

Αποθηκεύτηκε σε:
Λεπτομέρειες βιβλιογραφικής εγγραφής
Κύριος συγγραφέας: Branin, Larissa
Μορφή: Βιβλίο
Γλώσσα:English
Δημοσίευση: [New York] : New Line Books, c2006
Θέματα:
Ετικέτες: Προσθήκη ετικέτας
Δεν υπάρχουν, Καταχωρήστε ετικέτα πρώτοι!

MARC

LEADER 00000nam a2200000 i 4500
001 1/36268
008 061025s2006 eng d
020 |a 1-59764-121-9 
035 |l 10085773 
040 |a GR-MY-UA  |b gre  |e aacr 
041 0 |a eng 
082 0 |a 700.922  |2 (22) 
100 1 |a Branin, Larissa. 
245 1 0 |a Great artists of the world /  |c Larissa Branin 
260 |a [New York] :   |b New Line Books,   |c c2006 
300 |a 128 σ.;  |b έγχρ. εικ.;  |c 31 εκ. 
504 |a Περιλαμβάνει ευρετήριο. 
650 0 0 |a Artists  |x Biography. 
650 0 0 |a Art  |x History. 
852 |a INST  |b SYROS  |e 20061025  |h 700.922 BRA  |p 005500004581  |q 005500004581  |t BK  |y 0 
901 |a BIBL5-2006-3 
909 |a Ε  |b 129624 
922 |a 5ΕΛΗ  |b 200610  |c ΒΙΒΛΙΟΘΗΚΗ ΣΥΡΟΥ  |d ΜΙΧΑΛΟΠΟΥΛΟΣ 
950 |a 188-2006-09-18 
970 |a ΚΟΝΤΟΥ  |b ΠΑΡΑΣΚΕΥΗ  |z 2006/11/15